Transfers der Sommerpause 24/25 #2 - Statistiken

Allgemein
  • Dieses Quiz wurde 155 mal gespielt
  • Das Durchschnittsergebnis liegt bei 6 aus 10
Antwortstatistiken
Vorheriger Verein Neuer Verrein Ablösesumme Spieler % Korrekt
Paris SG Real Madrid Ablösefrei Kylian Mbappe
96%
RB Leipzig FC Barcelona 55 Millionen Dani Olmo
92%
Aston Villa Juventus Turin 51,5 Millionen Douglas Luiz
63%
FC Bologna Manchester United 42,5 Millionen Joshua Zirkzee
60%
LOSC Lille Manchester United 62 Millionen Leny Yoro
60%
Wolverhampton FC Chelsea 60 Millionen Pedro Neto
58%
FC Bologna FC Arsenal 45 Millionen Riccardo Calafiori
58%
Atalanta Juventus Turin 54,7 Millionen Teun Koopmeiners
45%
FC Valencia FC Liverpool 30 Millionen Giorgi Mamardashvili
38%
FC Everton Aston Villa 59,35 Millionen Amadou Onana
32%
Keine übereinstimmenden Quizze gefunden
Verteilung der Resultate
Anzahl Personen mit jedem Resultat
Perzentil nach korrekt beantworteten Fragen
Ihre Resultats-Entwicklung
Sie haben dieses Quiz noch nicht gespielt